एक बॅंसुरी, एक बॉंस* विवाह संस्कार का लोकमंगल* अवधी लोकगीत (Record no. 386298)

MARC details
000 -LEADER
fixed length control field 01003nam a2200217Ia 4500
003 - CONTROL NUMBER IDENTIFIER
control field OSt
005 - DATE AND TIME OF LATEST TRANSACTION
control field 20260320111037.0
008 - FIXED-LENGTH DATA ELEMENTS--GENERAL INFORMATION
fixed length control field 220922b |||||||| |||| 00| 0 hin d
037 ## - SOURCE OF ACQUISITION
Terms of availability Textual
040 ## - CATALOGING SOURCE
Original cataloging agency ARTS
Transcribing agency ARTS
Language of cataloging hin
041 ## - LANGUAGE CODE
Source of code hin
Language code of text/sound track or separate title hin
084 ## - COLON CLASSIFICATION NUMBER
Classification number Y:351.252 152Q1
100 ## - MAIN ENTRY--PERSONAL NAME
Personal name विद्या बिन्दु सिंह
9 (RLIN) 1132622
245 #0 - TITLE STATEMENT
Title एक बॅंसुरी, एक बॉंस* विवाह संस्कार का लोकमंगल* अवधी लोकगीत
246 ## - VARYING FORM OF TITLE
Title proper/short title Ek baॅansurī, ek baॉansa: vivāh sanskār kā lokahingala: avadhī lokagīta
260 ## - PUBLICATION, DISTRIBUTION, ETC.
Place of publication, distribution, etc. नयी दिल्ली
Name of publisher, distributor, etc. नेशनल पब्लिशिंग हाउस
Date of publication, distribution, etc. 2011
300 ## - PHYSICAL DESCRIPTION
Extent 228पृ.
Dimensions cm.
650 ## - SUBJECT ADDED ENTRY--TOPICAL TERM
Topical term or geographic name entry element भारतीय-लोक साहित्य
942 ## - ADDED ENTRY ELEMENTS (KOHA)
Classification part Y:351.252 152Q1
Koha item type Textual
Source of classification or shelving scheme Colon Classification (CC)
Holdings
Withdrawn status Lost status Source of classification or shelving scheme Damaged status Not for loan Home library Current library Date acquired Source of acquisition Cost, normal purchase price Total Checkouts Full call number Barcode Date last seen Cost, replacement price Price effective from Koha item type
    Colon Classification (CC)     Arts Library Arts Library 2022-09-23 381, 11/03/2016, Eastern Book Linkers 350.00   Y:351.252 152Q1 AL1629318 2022-09-23 350.00 2022-09-23 Textual
Copyright @ Delhi University Library System